00292nam a22001097a 4500082001300000100002000013245005200033260004000085300001200125526003700137650000800174 a502bCON aJames B. Conant aModern Science and Modern ManbCanant James B.  aNew YorkbColumbia Universityc1955 a187 p.: a0b0c0d502_000000000000000_CON aMCE